00996nam a2200277 i 4500001000300000003000400003005001700007008004100024015001800065020001500083040001400098080001100112080001100123080001200134100003800146245015000184260002700334300003800361504002200399521006100421650001300482655003000495650002300525710007200548856009800620bgBPK20200604082016.0981015s1998 pl a f f |000 0 pol d aPB 1998/16436 a8390387832 aWA NcBPK a004.42 a004.92 a(075.8)1 aLisowski, Edwardd(1955- )eAutor10aKomputerowy zapis dokumentacji konstrukcyjnej za pomocą programu wellCAM /cEdward Lisowski ; Politechnika Krakowska im. Tadeusza Kościuszki. aKraków :bPK,c1998. a200 s. :brys., 2 wykr. ;c24 cm. aBibliogr. s. 171.8 aSkrypt dla studentów wyższych szkół technicznych. 4aWellCAM. 4aPodręczniki akademickie 4aProgramy graficzne2 aPolitechnika Krakowska im. Tadeusza KościuszkibWydawnictwo4pbl. uhttp://koha.tu.koszalin.pl/cgi-bin/koha/opac-detail.pl?biblionumber=33157yKatalog online BPK